[Event "Cologne vs Istanbul Match"]
[Site "playchess.com #648198"]
[Date "2012.08.12"]
[Round "1.1"]
[White "Luecke, Norbert"]
[Black "Erdogdu, Mert"]
[Result "1-0"]
[WhiteElo "2360"]
[BlackElo "2435"]
[PlyCount "147"]
[EventDate "2012.08.12"]
[WhiteTeam "Team Köln"]
[BlackTeam "Team Istanbul"]

1. Nf3 Nf6 2. g3 g6 3. Bg2 d5 4. O-O Bg7 5. d4 O-O 6. Bf4 c5 7. dxc5 Na6 8. c4
Nxc5 9. cxd5 Nxd5 10. Be5 Bxe5 11. Nxe5 Be6 12. Qd4 Rc8 13. Nc3 Nxc3 14. bxc3
Qc7 15. Nc6 bxc6 16. Qxc5 Rfd8 17. Rfd1 Rd6 18. a4 Bg4 19. Kf1 Qd7 20. Rd4 Bh3
21. Rad1 Bxg2+ 22. Kxg2 Rd8 23. a5 Rd5 24. Rxd5 cxd5 25. e4 e6 26. exd5 exd5
27. Rd4 Qb7 28. h4 h5 29. Kh2 Rc8 30. Qxd5 Qxd5 31. Rxd5 Rxc3 32. Rd7 Ra3 33.
Rxa7 Kg7 34. Kg2 Kf6 35. Ra8 Kg7 36. a6 Kf6 37. Kf1 Ra2 38. Ke1 Kf5 39. Kf1 Kf6
40. Kg2 Ra3 41. Ra7 Ke6 42. f3 Ra2+ 43. Kf1 Kf6 44. Ra8 Kf5 45. Ke1 Kf6 46. Kd1
Ra3 47. Ke2 Kf5 48. Ra7 Kf6 49. Ra8 Kf5 50. Kf2 Kf6 51. g4 hxg4 52. fxg4 Kg7
53. Kg2 Kh7 54. Kf2 Kg7 55. Ke2 Rh3 56. Rb8 Ra3 57. Rb6 Ra4 58. Kf3 Ra3+ 59.
Ke4 Ra4+ 60. Kf3 Ra3+ 61. Kf2 Ra4 62. Kg3 Ra3+ 63. Kh2 Ra4 64. Kh3 Ra3+ 65. Kh2
Ra4 66. Kg3 Ra3+ 67. Kf2 Ra4 68. g5 Kf8 69. Rb8+ Kg7 70. Rb6 Kf8 71. Ke3 Ke7
72. Rb7+ Ke6 73. a7 f6 74. h5 1-0

[Event "Cologne vs Istanbul Match"]
[Site "playchess.com #648198"]
[Date "2012.08.12"]
[Round "1.2"]
[White "Citak, Selim"]
[Black "Bonnmann, Reinhard"]
[Result "1/2-1/2"]
[WhiteElo "2345"]
[BlackElo "2258"]
[PlyCount "82"]
[EventDate "2012.08.12"]
[WhiteTeam "Team Istanbul"]
[BlackTeam "Team Köln"]

1. d4 Nf6 2. c4 g6 3. Nc3 Bg7 4. e4 d6 5. Nf3 O-O 6. h3 a6 7. Be3 Nfd7 8. Be2
c5 9. O-O cxd4 10. Nxd4 Nc6 11. Nc2 Nc5 12. Qd2 f5 13. exf5 gxf5 14. f4 Be6 15.
Rf3 Rf6 16. b4 Ne4 17. Nxe4 fxe4 18. Rg3 Rg6 19. Rxg6 hxg6 20. Rf1 Qf8 21. a4
Qf6 22. b5 axb5 23. axb5 Nd8 24. Bd4 Qf7 25. Ne3 Bxd4 26. Qxd4 Ra2 27. Ng4 Kh7
28. Qxe4 Rxe2 29. Qxe2 Bxc4 30. Qe4 Bxf1 31. Kxf1 e5 32. Ke2 Qxf4 33. Qxf4 exf4
34. Nf6+ Kg7 35. Ne8+ Kf7 36. Nxd6+ Ke6 37. Ne4 Ke5 38. Nc5 Kd4 39. Nd7 Ne6 40.
Kf3 Kc4 41. b6 Kd5 1/2-1/2

[Event "Cologne vs Istanbul Match"]
[Site "playchess.com #648198"]
[Date "2012.08.12"]
[Round "1.3"]
[White "Schmidt, Martin"]
[Black "Kinsiz, Onur"]
[Result "0-1"]
[WhiteElo "2242"]
[BlackElo "2205"]
[PlyCount "62"]
[EventDate "2012.08.12"]
[WhiteTeam "Team Köln"]
[BlackTeam "Team Istanbul"]

1. e4 c5 2. Nf3 Nc6 3. d4 cxd4 4. Nxd4 e5 5. Nb5 d6 6. N1c3 a6 7. Na3 b5 8. Nd5
Nce7 9. c4 Nxd5 10. exd5 bxc4 11. Nxc4 Nf6 12. Bg5 Be7 13. Bxf6 Bxf6 14. Qa4+
Ke7 15. Be2 Bd7 16. Qa3 Qb8 17. O-O Rc8 18. Qe3 Rd8 19. Rab1 Bb5 20. Na5 Kf8
21. b4 Bxe2 22. Qxe2 Qb5 23. Qd1 Re8 24. Qb3 e4 25. a4 Qd3 26. Qxd3 exd3 27.
Rfd1 Bc3 28. Rb3 d2 29. Rf1 Re1 30. Rb1 Rxb1 31. Rxb1 Re8 0-1

[Event "Cologne vs Istanbul Match"]
[Site "playchess.com #648198"]
[Date "2012.08.12"]
[Round "1.4"]
[White "Guner, Bülent"]
[Black "Karimi, Farhad"]
[Result "0-1"]
[WhiteElo "2100"]
[BlackElo "2219"]
[PlyCount "92"]
[EventDate "2012.08.12"]
[WhiteTeam "Team Istanbul"]
[BlackTeam "Team Köln"]

1. d4 Nf6 2. c4 e6 3. g3 Bb4+ 4. Bd2 Qe7 5. Bg2 O-O 6. Nf3 Ne4 7. a3 Bxd2+ 8.
Nbxd2 f5 9. Qc2 d5 10. Ne5 Nd7 11. Ndf3 c5 12. Nxd7 Bxd7 13. cxd5 Rac8 14. dxc5
Rxc5 15. Qb1 Rxd5 16. O-O Rc8 17. Rd1 Qc5 18. e3 Qc2 19. Qxc2 Rxc2 20. Rxd5
exd5 21. b4 Kf8 22. Nd4 Rd2 23. Nb3 Rb2 24. Nc5 Nxc5 25. bxc5 Rd2 26. Bf3 Ke7
27. Rd1 Rxd1+ 28. Bxd1 Kd8 29. Bb3 Be6 30. Kf1 Kc7 31. Ba4 Bd7 32. Bb3 Bb5+ 33.
Ke1 Kc6 34. Kd2 Kxc5 35. Kc3 Bc4 36. Bc2 g6 37. h4 b5 38. h5 a5 39. h6 b4+ 40.
axb4+ axb4+ 41. Kd2 d4 42. exd4+ Kxd4 43. g4 Be6 44. g5 b3 45. Bb1 Ke5 46. Ke3
f4+ 0-1

[Event "Cologne vs Istanbul Match"]
[Site "playchess.com #648198"]
[Date "2012.08.12"]
[Round "1.5"]
[White "Haskelman, Eugen"]
[Black "Ulker, Ates"]
[Result "0-1"]
[WhiteElo "2190"]
[BlackElo "2083"]
[PlyCount "80"]
[EventDate "2012.08.12"]
[WhiteTeam "Team Köln"]
[BlackTeam "Team Istanbul"]

1. e4 e6 2. d4 d5 3. e5 c5 4. c3 Nc6 5. Nf3 Bd7 6. Bd3 Qb6 7. dxc5 Qc7 8. Qe2
Bxc5 9. O-O Nge7 10. Bf4 f5 11. Be3 Bxe3 12. Qxe3 h6 13. h4 O-O-O 14. Na3 a6
15. b4 d4 16. cxd4 Nd5 17. Qd2 Ndxb4 18. Nc4 Be8 19. Nd6+ Rxd6 20. exd6 Qxd6
21. Bc4 Bh5 22. Qe3 Re8 23. Rac1 Kb8 24. Rfd1 Nd5 25. Qb3 Na5 26. Qa4 Nxc4 27.
Rxc4 Nb6 28. Qb4 Nxc4 29. Qxc4 Bxf3 30. gxf3 Qf4 31. Qe2 Qxh4 32. d5 e5 33. d6
e4 34. Rb1 Qg5+ 35. Kf1 Qh5 36. Qb2 Qh1+ 37. Ke2 Qxf3+ 38. Kf1 e3 39. d7 e2+
40. Ke1 Qh1+ 0-1

[Event "Cologne vs Istanbul Match"]
[Site "playchess.com #648198"]
[Date "2012.08.12"]
[Round "1.6"]
[White "Seyhanoglu, Deniz"]
[Black "Lücke Perez, Eneida"]
[Result "1-0"]
[WhiteElo "2074"]
[BlackElo "2073"]
[PlyCount "191"]
[EventDate "2012.08.12"]
[WhiteTeam "Team Istanbul"]
[BlackTeam "Team Köln"]

1. e4 e5 2. Nf3 Qe7 3. Nc3 c6 4. Bc4 d6 5. O-O h6 6. h3 g5 7. Nh2 Nf6 8. d3 Rg8
9. Ng4 Nbd7 10. Ne3 Nb6 11. Bb3 g4 12. h4 Be6 13. g3 d5 14. exd5 cxd5 15. d4 e4
16. a4 a5 17. Qe2 Qd7 18. Nb5 Nh5 19. Ng2 Rc8 20. Bd2 Nc4 21. Bxc4 Rxc4 22.
Bxa5 Qc8 23. Ne3 Rc6 24. Na7 Qa8 25. Nxc6 bxc6 26. Bd2 Bd6 27. Rfb1 f5 28. Ng2
Bc8 29. b4 Qb8 30. Rb3 Qa7 31. Be3 f4 32. Nxf4 Nxf4 33. gxf4 g3 34. f3 Qe7 35.
fxe4 Bg4 36. Qg2 dxe4 37. Bd2 Bf3 38. Rxf3 exf3 39. Qxf3 Kd7 40. Kg2 Qxh4 41.
Rh1 Qf6 42. c3 Qe6 43. b5 cxb5 44. axb5 Bc7 45. f5 Qa2 46. Qc6+ Kd8 47. Qf6+
Kd7 48. Qe6+ Qxe6 49. fxe6+ Kxe6 50. Rxh6+ Kd5 51. b6 Bb8 52. Be1 Rc8 53. Rg6
Kc4 54. Rg7 Kd5 55. b7 Rc4 56. Bxg3 Ba7 57. b8=Q Bxb8 58. Bxb8 Rxc3 59. Be5 Rd3
60. Kf2 Rb3 61. Rg3 Rb2+ 62. Kf3 Rb3+ 63. Kf4 Rb1 64. Kf3 Rb3+ 65. Kg4 Rb1 66.
Rf3 Rg1+ 67. Kf5 Rh1 68. Kf6 Rh6+ 69. Ke7 Rh7+ 70. Rf7 Rh1 71. Kd8 Rb1 72. Rd7+
Ke6 73. Rd6+ Kf5 74. Ke7 Ke4 75. Rg6 Kd5 76. Rd6+ Ke4 77. Bf6 Rb7+ 78. Rd7 Rb6
79. d5 Kf5 80. d6 Rb1 81. Bc3 Rh1 82. Kf7 Rh6 83. Bg7 Re6 84. Rd8 Rg6 85. Bf8
Rf6+ 86. Ke7 Re6+ 87. Kd7 Re2 88. Be7 Ra2 89. Rc8 Ra6 90. Rc5+ Kg6 91. Ke6 Kg7
92. Rg5+ Kh6 93. Rg2 Kh5 94. Kf7 Ra7 95. Rg5+ Kh6 96. Rg4 1-0

[Event "Cologne vs Istanbul Match"]
[Site "playchess.com #648198"]
[Date "2012.08.12"]
[Round "1.7"]
[White "Thiemonds, Uli"]
[Black "Firat, Deniz"]
[Result "1-0"]
[WhiteElo "2101"]
[BlackElo "1657"]
[PlyCount "81"]
[EventDate "2012.08.12"]
[WhiteTeam "Team Köln"]
[BlackTeam "Team Istanbul"]

1. e4 c5 2. c3 d5 3. exd5 Qxd5 4. d4 Nf6 5. Nf3 Bg4 6. Be2 Nc6 7. O-O e6 8. Na3
Be7 9. Be3 cxd4 10. Nb5 O-O 11. Nbxd4 Rfd8 12. h3 Bh5 13. Qa4 Nxd4 14. Nxd4
Bxe2 15. Nxe2 Bc5 16. Rad1 Qe5 17. Qb5 Bd6 18. Qxe5 Bxe5 19. Bxa7 Rdc8 20. Bd4
Bxd4 21. Rxd4 Rxa2 22. Rb4 Rb8 23. Rd1 h6 24. c4 Ne4 25. f3 Nc5 26. Nc3 Ra6 27.
Rb5 Rc6 28. b4 Na6 29. c5 b6 30. Na4 Nc7 31. Rxb6 Rcxb6 32. Nxb6 Nd5 33. Nxd5
exd5 34. Rb1 Kf8 35. b5 Ke7 36. Kf2 Kd7 37. Ke3 Ra8 38. Kd4 Ra2 39. b6 Rd2+ 40.
Ke3 Rxg2 41. b7 1-0

[Event "Cologne vs Istanbul Match"]
[Site "playchess.com #648198"]
[Date "2012.08.12"]
[Round "1.8"]
[White "Tastan, Hakan Mete"]
[Black "Bergemann, Martin"]
[Result "1-0"]
[WhiteElo "2010"]
[BlackElo "1909"]
[PlyCount "111"]
[EventDate "2012.08.12"]
[WhiteTeam "Team Istanbul"]
[BlackTeam "Team Köln"]

1. e4 c5 2. Nf3 Nc6 3. d4 cxd4 4. Nxd4 Nf6 5. Nc3 d6 6. Bg5 e6 7. Qd2 a6 8. f4
Bd7 9. Be2 Qb6 10. Nb3 Qc7 11. Bf3 b5 12. a3 Rc8 13. O-O Be7 14. Rad1 O-O 15.
Rfe1 Rfd8 16. Bxf6 gxf6 17. Kh1 b4 18. axb4 Nxb4 19. Bh5 Bc6 20. f5 Bf8 21. Re3
d5 22. Rg3+ Kh8 23. exd5 Bxd5 24. Qf2 e5 25. Rh3 Bg7 26. Be2 Bc4 27. Rxd8+ Qxd8
28. Qh4 h6 29. Bxc4 Nxc2 30. Nd5 Nd4 31. Rc3 Nxf5 32. Qg4 Nd6 33. Bxa6 Rxc3 34.
bxc3 f5 35. Qe2 Ne4 36. Bc4 Qb8 37. g4 Qa7 38. gxf5 Nd6 39. f6 Bf8 40. Nd2 Qa1+
41. Kg2 Nf5 42. Qxe5 Nh4+ 43. Kh3 Ng6 44. Qe3 Qd1 45. Nf3 Qa4 46. Qd4 Qd7+ 47.
Kg2 Qc8 48. Ne7 Qb8 49. Nxg6+ fxg6 50. Qd5 Bd6 51. Qf7 Qf8 52. Qxg6 Bf4 53. Bd3
Qg8 54. Nh4 Be5 55. f7 Qa8+ 56. Nf3 1-0

[Event "Cologne vs Istanbul Match"]
[Site "playchess.com #648198"]
[Date "2012.08.12"]
[Round "1.9"]
[White "Langen, Dirk"]
[Black "Dizdar, Orkun"]
[Result "0-1"]
[WhiteElo "1777"]
[BlackElo "1876"]
[PlyCount "74"]
[EventDate "2012.08.12"]
[WhiteTeam "Team Köln"]
[BlackTeam "Team Istanbul"]

1. d4 Nf6 2. c4 g6 3. Nc3 d5 4. cxd5 Nxd5 5. e4 Nxc3 6. bxc3 Bg7 7. f4 c5 8.
Nf3 O-O 9. Be3 Qa5 10. Qd2 Rd8 11. Rd1 Bg4 12. Be2 Nc6 13. e5 Be6 14. O-O cxd4
15. Nxd4 Qxa2 16. Qxa2 Bxa2 17. Rd2 Nxd4 18. cxd4 Bd5 19. Rc2 Rdc8 20. Rfc1
Rxc2 21. Rxc2 a5 22. Bc1 e6 23. Kf2 Bf8 24. g4 a4 25. Bb2 a3 26. Ba1 Ra4 27.
Bd3 Rb4 28. Rc1 Rb3 29. Rc3 Rb6 30. Ke3 a2 31. Rc1 Ba3 32. Rc8+ Kg7 33. Ra8
Bc1+ 34. Ke2 Bxf4 35. Bc3 Rb3 36. Be1 Rb2+ 37. Kf1 Bg2+ 0-1

[Event "Cologne vs Istanbul Match"]
[Site "playchess.com #648198"]
[Date "2012.08.12"]
[Round "1.10"]
[White "#, Ahmet Ata"]
[Black "Altok, Mesut"]
[Result "0-1"]
[WhiteElo "1717"]
[BlackElo "1768"]
[PlyCount "100"]
[EventDate "2012.08.12"]
[WhiteTeam "Team Istanbul"]
[BlackTeam "Team Köln"]

1. Nf3 Nf6 2. d4 g6 3. c4 Bg7 4. Nc3 O-O 5. e4 d6 6. Be2 e5 7. O-O Nc6 8. d5
Ne7 9. Ne1 Ne8 10. Be3 f5 11. f3 f4 12. Bf2 g5 13. c5 Ng6 14. cxd6 cxd6 15. Rc1
Rf7 16. Nd3 Nf6 17. Qc2 Bd7 18. Qd2 Kh8 19. Qc2 Bh6 20. Qb3 g4 21. Qxb7 g3 22.
hxg3 fxg3 23. Bxg3 Bxc1 24. Rxc1 Nh5 25. Bf2 Nhf4 26. Nxf4 Nxf4 27. Be3 Nxg2
28. Bg5 Qg8 29. Kxg2 Qxg5+ 30. Kf2 Raf8 31. Rg1 Bg4 32. Qb3 Qh4+ 33. Ke3 Rxf3+
34. Kd2 Rf2 35. Re1 Qg5+ 36. Kd1 Qe3 37. Qc2 Rc8 38. Qd2 Bxe2+ 39. Rxe2 Rxe2
40. Qxe2 Qg1+ 41. Kd2 Rg8 42. Qd3 Rg3 43. Qc4 Qf2+ 44. Ne2 Qe3+ 45. Kc2 Rg8 46.
Qd3 Qxd3+ 47. Kxd3 h5 48. Ke3 h4 49. Kf2 h3 50. Ng3 h2 0-1